LEADER 01185nam2-2200385---450- 001 990003209250203316 005 20090323164733.0 010 $a978-88-8319-752-6 035 $a000320925 035 $aUSA01000320925 035 $a(ALEPH)000320925USA01 035 $a000320925 100 $a20090323h2002----km-y0itay50------ba 101 $aita 102 $aIT 105 $a||||||||001yy 200 1 $a<> Veneto di Shakespeare$fSergio Perosa 210 $aRoma$cBulzoni$dcopyr. 2002 215 $a98 p.$d17 cm 225 2 $aPiccola Biblioteca Shakespeariana$v28 410 0$1001000316821$aPiccola Biblioteca Shakespeariana 454 1$12001 606 1$aShakespeare,$bWilliam$yVeneto [nella] letteratura inglese$zSec. 16.-17.$2BNCF 676 $a822.33 700 1$aPEROSA,$bSergio$0163297 801 0$aIT$bsalbc$gISBD 912 $a990003209250203316 951 $aVII.3. Coll. 6/ 19$b224 L.G.$cVII.3.$d00203878 959 $aBK 969 $aUMA 979 $aSENATORE$b90$c20090323$lUSA01$h1638 979 $aSENATORE$b90$c20090323$lUSA01$h1643 979 $aSENATORE$b90$c20090323$lUSA01$h1647 996 $aVeneto di Shakespeare$91011948 997 $aUNISA LEADER 01452nam0-22004451i-450- 001 990005550740203316 005 20081031120000.0 035 $a000555074 035 $aUSA01000555074 035 $a(ALEPH)000555074USA01 035 $a000555074 100 $a20080626d2008-------|0itac50------ba 101 $aita 102 $aIT 105 $a|||| ||||| 200 1 $a<> nuove strategie di destination marketing$ecome rafforzare la competitività delle regioni turistiche italiane$fa cura di Umberto Martini, Josep Ejarque 210 $aMilano$cAngeli$d2008 215 $a144 p.$ctab.$d23 cm 225 2$aTSM$v4 410 1$12001$aTSM$v4 606 $aMarketing territoriale$2FI 606 $aMarketing turistico$2FI 620 $dMilano 676 $a338.47916588$cTURISMO. MARKETING$v21 702 1$aMARTINI,$bUmberto 702 1$aEJARQUE,$bJosep 712 02$aTrentino School of Management 801 $aIT$bSOL$c20120104 912 $a990005550740203316 950 $aDIP.TO SCIENZE ECONOMICHE - (SA)$dDS 300 338.47916588 MAR$e14702 DISES 951 $aDIP.TO SCIENZE ECONOMICHE - (SA)$bDS2008 1E 20080626 951 $a300 338.47916588 MAR$b14702 DISES 959 $aBK 969 $aDISES 979 $c20121027$lUSA01$h1533 979 $c20121027$lUSA01$h1613 979 $aPATRY$b90$c20121114$lUSA01$h1447 996 $aNuove strategie di destination marketing$91131383 997 $aUNISA NUM $aUSA17741